100 Most Streamed Songs On Spotify - Statistics

General Stats
  • This quiz has been taken 98 times
  • The average score is 74 of 100
Answer Stats
Song Name Musical Act % Correct
Perfect | Photograph | Shape of You | Thinking Out Loud Ed Sheeran
100%
Blinding Lights | Die For You | Save Your Tears | +2 others The Weeknd
98%
Just The Way You Are | Locked Out Of Heaven | That's What I Like | +2 others Bruno Mars
96%
As It Was | Watermelon Sugar Harry Styles
96%
The Scientist | Viva La Vida | Yellow Coldplay
94%
God's Plan | One Dance Drake
94%
Take On Me A-ha
93%
Bohemian Rhapsody | Don't Stop Me Now Queen
93%
Love Yourself | Sorry Justin Bieber
91%
Bad Guy | Birds of a Feather | Lovely Billie Eilish
89%
Don't Start Now | Levitating | New Rules Dua Lipa
89%
Drivers License | Good 4 U Olivia Rodrigo
89%
Havana Camila Cabello
86%
Lose Yourself | Till I Collapse | Without Me Eminem
86%
Believer | Demons | Thunder Imagine Dragons
86%
Circles | Rockstar | Sunflower Post Malone
85%
Senorita | There's Nothing Holdin Me Back | Treat You Better Shawn Mendes
84%
Cruel Summer Taylor Swift
84%
Seven Rings Ariana Grande
81%
Flowers Miley Cyrus
80%
Humble Kendrick Lamar
78%
Smells Like Teen Spirit Nirvana
78%
Take Me To Church Hozier
75%
All Of Me John Legend
75%
Wake Me Up Avicii
73%
Wonderwall Oasis
72%
Can't Hold Us Macklemore & Ryan Lewis
71%
Counting Stars OneRepublic
71%
Closer | Something Just Like This Chainsmokers
69%
Someone You Loved Lewis Capaldi
69%
Stressed Out Twenty One Pilots
69%
Shallow Lady Gaga
68%
Goosebumps | Sicko Mode Travis Scott
68%
Jocelyn Flores | Sad! XXXTentacion
67%
Someone Like You Adele
65%
Dance Monkey Tones and I
65%
Don't Stop Believin' Journey
64%
Mr. Brightside The Killers
64%
Kill Bill SZA
62%
Do I Wanna Know | I Wanna Be Yours Arctic Monkeys
61%
Heat Waves Glass Animals
59%
Lucid Dreams Juice WRLD
59%
Happier (feat Bastille) Marshmello
59%
Every Breath You Take Police
59%
Iris Goo Goo Dolls
58%
Cold Heart (PNAU Remix) Elton John
56%
Stay With Me | Too Good At Goodbyes Sam Smith
56%
Memories Maroon 5
54%
In The End Linkin Park
53%
Sweater Weather The Neighborhood
53%
One Kiss (feat Dua Lipa) Calvin Harris
51%
Let Her Go Passenger
51%
Riptide Vance Joy
49%
No Role Modelz J. Cole
47%
Without Me (different one) Halsey
46%
XO Tour Llif3 Lil Uzi Vert
46%
Stay Kid LAROI
45%
Another Love Tom Odell
44%
See You Again (feat Kali Uchis) Tyler, the Creator
35%
Leon On Major Lazer
34%
The Night We Met Lord Huron
29%
Let Me Love You (feat. Bieber) DJ Snake
28%
Unforgettable French Montana
28%
Say You Won't Let Go James Arthur
27%
Seven Jung Kook
15%
No matching quizzes found
Score Distribution
Percent of People with Each Score
Percentile by Number Answered
Your Score History
You have not taken this quiz